Diálogos de amor /

El filósofo y médico judeo-portugués León Hebreo (Lisboa, hacia 1463-después de 1523) desarrolla, en el primero de su Diálogos, la distinción entre el amor y el deseo, y distingue, siguiendo la ética a Nicómaco de Aristóteles, entre el amor deleitable, el útil y el honesto. El segundo diálogo versa...

全面介紹

Guardado en:
書目詳細資料
主要作者: León Hebreo (autor)
其他作者: Vega, Garcilaso de la (traducción) (traducción)
格式: 圖書
語言:西班牙语
出版: Buenos Aires, Argentina : Espasa-Calpe, 1947, c1947
叢編:(Austral ; 704)
主題:
標簽: 添加標簽
沒有標簽, 成為第一個標記此記錄!

MARC

LEADER 00000nam^a2200000^a^4500
001 000138430
005 20250521000000.0
009 20260310095428.968
037 |a Acervo ITESO - Biblioteca 
041 |a ESP 
082 |a 808.  |b AUS V. 704 
100 |a León Hebreo  |e (autor) 
245 1 0 |a Diálogos de amor /  |c L. Hebreo ; tr. por G. de la Vega. 
264 4 |a Buenos Aires, Argentina :  |b Espasa-Calpe,  |c 1947, c1947 
300 |a 340 p. 
336 |a texto  |b txt  |2 rdacontenido 
337 |a sin mediación  |b n  |2 rdamedio 
338 |a volumen  |b nc  |2 rdasoporte 
440 1 |a (Austral ;  |v 704) 
520 |a El filósofo y médico judeo-portugués León Hebreo (Lisboa, hacia 1463-después de 1523) desarrolla, en el primero de su Diálogos, la distinción entre el amor y el deseo, y distingue, siguiendo la ética a Nicómaco de Aristóteles, entre el amor deleitable, el útil y el honesto. El segundo diálogo versa sobre la universalidad del amor. El amor ata el cielo y la tierra como una gran cadena doble. Al amor divino se refiere León Hebreo en el tercero de sus diálogos, en el sentido del amor de Dios para con nosotros y "para todas las cosas que ha criado". Al cual considera un amor libre de deseo o, mejor, lo que sucede es que el amor divino no es deseo de perfección para sí, sino el deseo de que todas las cosas por Él producidas lleguen a ser perfectas. 
649 |a XX 
650 |a Hombre (Teología) 
650 |a Dios 
650 |a Diálogos Portugueses 
650 |a Diálogos Judíos 
650 |a Misticismo en la Literatura -  |z Portugal 
650 |a Literatura Religiosa -  |z Portugal 
650 |a Religión y Literatura -  |z Portugal 
650 |a Filosofía y Literatura -  |z Portugal 
650 |a Literatura Renacentista -  |z Portugal 
650 |a Literatura Portuguesa -  |y Siglo XVI 
650 |a Literatura Judía -  |y Siglo XVI 
650 |a Deseo 
650 |a Unión Mística -  |x Tema Principal 
650 |a Amor 
650 |a Teología Doctrinal 
650 |a Filosofía y Religión -  |z Portugal 
650 |a Neoplatónicos -  |z Portugal 
650 |a Filosofía del Renacimiento -  |z Portugal 
650 |a Filosofía Portuguesa 
700 |a Vega, Garcilaso de la  |e (traducción) 
910 |a Fondo Salvador Reynoso Reynoso 
920 |a Impresos - Libros 
930 |a Fondos Especiales 
940 |a Literatura 
905 |a 112 
901 |a 0800014063  |b IT2  |c ESP  |u 20250521 
902 |a https://opac.biblio.iteso.mx/vufind/Record/000138430